|
|
|
|
| LEADER |
01152nam a2200301 a 4500 |
| 001 |
2867 |
| 003 |
BD-DhAAL |
| 005 |
20200603194010.0 |
| 008 |
150610s1997 nyua b 001 0 eng |
| 999 |
|
|
|c 34683
|d 34683
|
| 010 |
|
|
|a 96052119
|
| 020 |
|
|
|a 039396857X (pbk.)
|
| 040 |
|
|
|a DLC
|c DLC
|d DLC
|d BD-DhAAL
|
| 050 |
0 |
0 |
|a H97
|b .S83 1997
|
| 082 |
0 |
0 |
|a 320.6
|2 21
|
| 100 |
1 |
|
|a Stone, Deborah A.
|9 11887
|
| 245 |
1 |
0 |
|a Policy paradox :
|b the art of political decision making /
|c Deborah Stone.
|
| 260 |
|
|
|a New York :
|b W.W. Norton,
|c c1997.
|
| 300 |
|
|
|a xiv, 394 pages :
|b illustrations ;
|c 24 cm.
|
| 500 |
|
|
|a Rev. ed. of: Policy paradox and political reason, c1988.
|
| 504 |
|
|
|a Includes bibliographical references and index.
|
| 541 |
|
|
|e 2867
|
| 650 |
|
0 |
|a Policy sciences
|x Economic aspects.
|9 11888
|
| 650 |
|
0 |
|a Political planning
|x Economic aspects.
|9 11889
|
| 700 |
1 |
|
|a Stone, Deborah A.
|t Policy paradox and political reason.
|9 11890
|
| 852 |
|
|
|a Savar Campus Library
|c General Stacks
|
| 942 |
|
|
|2 ddc
|c BK
|
| 952 |
|
|
|0 0
|1 0
|2 ddc
|4 0
|6 320_600000000000000_STO
|7 0
|9 54234
|a SCL
|b SCL
|c GEN
|d 2015-06-10
|l 0
|o 320.6 STO
|p 3020002867
|r 2015-06-10
|t 1
|w 2015-06-10
|y BK
|